| 000 | 00482nam a22001457a 4500 | ||
|---|---|---|---|
| 008 | 140521b xxu||||| |||| 00| 0 eng d | ||
| 020 | _a1876033363 | ||
| 050 | _aLC487.R99 | ||
| 100 |
_aRyan, Maurice _910456 |
||
| 245 |
_aCatholic Schools Australian Landscapes _bresources for creating distinctive Catholic schools _cMaurice Ryan |
||
| 260 |
_aAustralia _bSocial Science Press _c1996 |
||
| 300 |
_aiv, 124p. ; _c25cm. |
||
| 650 |
_aCatholic Schools _910457 |
||
| 942 |
_2lcc _cMONOGRAPH |
||
| 999 |
_c120569 _d120569 |
||